Desarrollo de la agricultura Colombiana
El presente libro ofrece una amplia panorámica de los aspectos más relevantes en torno al tema de la calidad en la educación. En primer lugar analiza los motivos que pueden haber...
Gespeichert in:
| 1. Verfasser: | |
|---|---|
| Weitere Verfasser: | |
| Format: | Buch |
| Sprache: | Spanish |
| Veröffentlicht: |
Bogotá :
Fedesarrollo,
2014,
|
| Schriftenreihe: | Cuadernos de Fedesarrollo
N° 48 |
| Schlagworte: | |
| Online Zugang: | Enlace del recurso |
| Tags: |
Tag hinzufügen
Keine Tags, Fügen Sie den ersten Tag hinzu!
|
MARC
| LEADER | 00000nam a2200000 a 4500 | ||
|---|---|---|---|
| 003 | OSt | ||
| 005 | 20191128112557.0 | ||
| 008 | 191128b2014 ck ||||r|||| 000 0 spa d | ||
| 999 | |c 7235 |d 7235 | ||
| 020 | |a 9789585796393 | ||
| 040 | |b spa |c CNA-IDEP | ||
| 041 | |a spa | ||
| 082 | |a 338.1861 |b J954d | ||
| 100 | 1 | |a Roberto Junguito |9 14425 | |
| 245 | 1 | 0 | |a Desarrollo de la agricultura Colombiana |c Roberto Junguito, Juan José Perfetti, Alejandro Becerra. |
| 260 | |a Bogotá : |b Fedesarrollo, |c 2014, | ||
| 300 | |a 70 paginas : |b esquemas, tablas ; |c 23 cm. | ||
| 490 | 0 | |a Cuadernos de Fedesarrollo |v N° 48 | |
| 504 | |a Contiene bibliografía pagina 60. | ||
| 505 | 2 | |a 1. Hechos estilizados y retos de la agricultura -- 2. Política comercial -- 3. Investigación agrícola -- 4. Gasto publico en la agricultura -- 5. Política social rural -- 6. La problemática de la tierra -- 7. El marco institucional agropecuario y rural -- | |
| 520 | 3 | |a El presente libro ofrece una amplia panorámica de los aspectos más relevantes en torno al tema de la calidad en la educación. En primer lugar analiza los motivos que pueden haber... | |
| 650 | 1 | 4 | |a Agricultura |9 14426 |
| 700 | 1 | |a Perfetti, Juan José |9 14427 | |
| 942 | |2 ddc |c BK | ||
| 856 | |u https://catalogo.idep.edu.co/cgi-bin/koha/opac-detail.pl?biblionumber=7235 |z Enlace del recurso | ||